How fast Can you Type Iraq? - Statistics

General Stats
  • This quiz has been taken 669 times
  • The average score is 22 of 24
Answer Stats
Hint Answer % Correct
I I
100%
R R
99%
A A
98%
Q Q
96%
I I
95%
R R
94%
A A
93%
Q Q
93%
I I
91%
A A
90%
R R
90%
Q Q
89%
I I
88%
R R
88%
A A
87%
Q Q
87%
I I
86%
A A
85%
Q Q
85%
R R
85%
I I
84%
A A
83%
Q Q
83%
R R
83%
No matching quizzes found
Score Distribution
Percent of People with Each Score
Percentile by Number Answered
Your Score History
You have not taken this quiz